[Event "ABC 2025 Groep C"]
[Site "Utrecht"]
[Date "2025.03.16"]
[Round "7.4"]
[White "Okita, Shinsaku"]
[Black "Kshirsagar, Parth"]
[Result "1-0"]
[WhiteFideId "8910748"]
[BlackFideId "8887758"]
[WhiteElo "1860"]
[BlackElo "1846"]

1. e4 {[%clk 00:55:19]} {[%emt 00:00:01]} e6 {[%clk 00:55:18]} {[%emt
00:00:02]} 2. d4 {[%clk 00:55:24]} {[%emt 00:00:05]} d5 {[%clk 00:55:27]} 3.
Bd3 {[%clk 00:55:30]} {[%emt 00:00:04]} c5 {[%clk 00:55:19]} {[%emt 00:00:18]}
4. c3 {[%clk 00:55:25]} {[%emt 00:00:16]} Nc6 {[%clk 00:54:59]} {[%emt
00:00:29]} 5. Ne2 {[%clk 00:55:15]} {[%emt 00:00:18]} dxe4 {[%clk 00:53:35]}
{[%emt 00:01:35]} 6. Bxe4 {[%clk 00:55:18]} {[%emt 00:00:08]} cxd4 {[%clk
00:53:27]} {[%emt 00:00:18]} 7. Bxc6+ {[%clk 00:54:43]} {[%emt 00:00:44]} bxc6
{[%clk 00:53:32]} {[%emt 00:00:06]} 8. Qxd4 {[%clk 00:54:03]} {[%emt 00:00:50]}
Qxd4 {[%clk 00:49:29]} {[%emt 00:04:13]} 9. Nxd4 {[%clk 00:54:06]} {[%emt
00:00:07]} c5 {[%clk 00:49:18]} {[%emt 00:00:20]} 10. Nf3 {[%clk 00:53:38]}
{[%emt 00:00:38]} Ba6 {[%clk 00:49:03]} {[%emt 00:00:25]} 11. Bf4 {[%clk
00:53:02]} {[%emt 00:00:46]} Nf6 {[%clk 00:48:36]} {[%emt 00:00:41]} 12. Nbd2
{[%clk 00:52:34]} {[%emt 00:00:36]} Bd3 {[%clk 00:48:21]} {[%emt 00:00:24]} 13.
Ne5 {[%clk 00:51:29]} {[%emt 00:01:15]} Ba6 {[%clk 00:47:35]} {[%emt 00:00:54]}
14. O-O-O {[%clk 00:50:57]} {[%emt 00:00:43]} Be7 {[%clk 00:41:51]} {[%emt
00:05:56]} 15. c4 {[%clk 00:49:24]} {[%emt 00:01:43]} O-O {[%clk 00:40:59]}
{[%emt 00:01:01]} 16. Be3 {[%clk 00:47:15]} {[%emt 00:02:17]} Rac8 {[%clk
00:39:44]} {[%emt 00:01:27]} 17. b3 {[%clk 00:46:25]} {[%emt 00:01:01]} Rfd8
{[%clk 00:39:25]} {[%emt 00:00:28]} 18. Ndf3 {[%clk 00:45:38]} {[%emt
00:00:57]} Ne4 {[%clk 00:38:06]} {[%emt 00:01:29]} 19. Kc2 {[%clk 00:44:35]}
{[%emt 00:01:12]} Bb7 {[%clk 00:36:15]} {[%emt 00:02:02]} 20. Rd7 {[%clk
00:40:55]} {[%emt 00:03:50]} Rxd7 {[%clk 00:35:47]} {[%emt 00:00:37]} 21. Nxd7
{[%clk 00:40:53]} {[%emt 00:00:13]} f6 {[%clk 00:32:41]} {[%emt 00:03:17]} 22.
Rd1 {[%clk 00:39:25]} {[%emt 00:01:37]} Rc7 {[%clk 00:30:17]} {[%emt 00:02:35]}
23. Ne1 {[%clk 00:38:39]} {[%emt 00:00:56]} Bc8 {[%clk 00:26:54]} {[%emt
00:03:32]} 24. f3 {[%clk 00:38:18]} {[%emt 00:00:31]} Rxd7 {[%clk 00:23:18]}
{[%emt 00:03:46]} 25. Rxd7 {[%clk 00:38:07]} {[%emt 00:00:21]} Bxd7 {[%clk
00:23:22]} {[%emt 00:00:07]} 26. fxe4 {[%clk 00:38:13]} {[%emt 00:00:04]} Kf7
{[%clk 00:21:31]} {[%emt 00:02:00]} 27. Nd3 {[%clk 00:36:41]} {[%emt 00:01:42]}
Bc6 {[%clk 00:21:13]} {[%emt 00:00:28]} 28. Nf2 {[%clk 00:36:22]} {[%emt
00:00:29]} Ke8 {[%clk 00:18:52]} {[%emt 00:02:31]} 29. g3 {[%clk 00:36:25]}
{[%emt 00:00:07]} Kd7 {[%clk 00:18:32]} {[%emt 00:00:31]} 30. Kd3 {[%clk
00:36:08]} {[%emt 00:00:27]} Kc7 {[%clk 00:17:02]} {[%emt 00:01:39]} 31. Nd1
{[%clk 00:35:21]} {[%emt 00:00:57]} a6 {[%clk 00:16:06]} {[%emt 00:01:06]} 32.
Nc3 {[%clk 00:35:00]} {[%emt 00:00:31]} Kd6 {[%clk 00:15:31]} {[%emt 00:00:45]}
33. a3 {[%clk 00:34:13]} {[%emt 00:00:57]} Kd7 {[%clk 00:15:19]} {[%emt
00:00:22]} 34. Bd2 {[%clk 00:33:09]} {[%emt 00:01:15]} a5 {[%clk 00:10:55]}
{[%emt 00:04:34]} 35. Nb5 {[%clk 00:32:11]} {[%emt 00:01:07]} Bxb5 {[%clk
00:09:36]} {[%emt 00:01:29]} 36. cxb5 {[%clk 00:32:14]} {[%emt 00:00:07]} Kc7
{[%clk 00:08:57]} {[%emt 00:00:49]} 37. Bxa5+ {[%clk 00:32:02]} {[%emt
00:00:23]} Kb7 {[%clk 00:08:55]} {[%emt 00:00:11]} 38. Kc4 {[%clk 00:31:55]}
{[%emt 00:00:15]} g6 {[%clk 00:08:21]} {[%emt 00:00:46]} 39. Bc3 {[%clk
00:31:49]} {[%emt 00:00:16]} f5 {[%clk 00:07:36]} {[%emt 00:00:55]} 40. a4
{[%clk 00:29:53]} {[%emt 00:02:06]} fxe4 {[%clk 00:04:12]} {[%emt 00:03:34]} 41.
b4 {[%clk 00:29:08]} {[%emt 00:00:56]} cxb4 {[%clk 00:02:00]} {[%emt 00:02:21]}
42. Bxb4 {[%clk 00:28:46]} {[%emt 00:00:32]} Bf6 {[%clk 00:01:44]} {[%emt
00:00:26]} 43. Bc3 {[%clk 00:28:21]} {[%emt 00:00:35]} e5 {[%clk 00:00:44]}
{[%emt 00:01:10]} 44. Bd2 {[%clk 00:28:11]} {[%emt 00:00:20]} Bg7 {[%clk
00:00:35]} {[%emt 00:00:19]} 45. Kd5 {[%clk 00:27:54]} {[%emt 00:00:28]} Kb6
{[%clk 00:00:35]} {[%emt 00:00:09]} 46. Kxe4 {[%clk 00:27:38]} {[%emt
00:00:26]} Bf6 {[%clk 00:00:38]} {[%emt 00:00:08]} 47. Bc3 {[%emt 00:00:46]}
Bd8 {[%emt 00:00:03]} 1-0

[Event "ABC 2025 Groep C"]
[Site "Utrecht"]
[Date "2025.03.16"]
[Round "7.5"]
[White "Roersma, Dylan"]
[Black "Langeveld, Jonathan"]
[Result "1-0"]
[WhiteFideId "8962217"]
[BlackFideId "8860313"]
[WhiteElo "1839"]
[BlackElo "1791"]

1. e4 {[%clk 00:55:18]} {[%emt 00:00:02]} d5 {[%clk 00:55:18]} {[%emt
00:00:03]} 2. exd5 {[%clk 00:55:05]} {[%emt 00:00:22]} Nf6 {[%clk 00:55:22]}
{[%emt 00:00:05]} 3. d4 {[%clk 00:55:07]} {[%emt 00:00:09]} Bg4 {[%clk
00:55:28]} {[%emt 00:00:04]} 4. Be2 {[%clk 00:54:28]} {[%emt 00:00:48]} Bxe2
{[%clk 00:55:24]} {[%emt 00:00:15]} 5. Qxe2 {[%clk 00:53:59]} {[%emt 00:00:38]}
Qxd5 {[%clk 00:55:25]} {[%emt 00:00:10]} 6. Nf3 {[%clk 00:53:57]} {[%emt
00:00:12]} Nc6 {[%clk 00:55:26]} {[%emt 00:00:09]} 7. c3 {[%clk 00:52:14]}
{[%emt 00:01:53]} O-O-O {[%clk 00:55:27]} {[%emt 00:00:08]} 8. O-O {[%clk
00:50:18]} {[%emt 00:02:06]} h5 {[%clk 00:54:49]} {[%emt 00:00:50]} 9. b4
{[%clk 00:49:03]} {[%emt 00:01:24]} e6 {[%clk 00:54:16]} {[%emt 00:00:43]} 10.
a4 {[%clk 00:47:51]} {[%emt 00:01:22]} Ne4 {[%clk 00:53:32]} {[%emt 00:00:55]}
11. Re1 {[%clk 00:45:23]} {[%emt 00:02:37]} f5 {[%clk 00:52:11]} {[%emt
00:01:31]} 12. Ng5 {[%clk 00:42:53]} {[%emt 00:02:40]} e5 {[%clk 00:51:27]}
{[%emt 00:00:55]} 13. Qa2 {[%clk 00:33:18]} {[%emt 00:09:44]} Qxa2 {[%emt
00:05:01]} 14. Rxa2 {[%clk 00:33:10]} {[%emt 00:00:16]} Nxg5 {[%clk 00:46:37]}
{[%emt 00:00:11]} 15. Bxg5 {[%clk 00:33:15]} {[%emt 00:00:06]} Re8 {[%clk
00:44:29]} {[%emt 00:02:18]} 16. b5 {[%clk 00:32:20]} {[%emt 00:01:05]} Na5
{[%clk 00:44:00]} {[%emt 00:00:39]} 17. dxe5 {[%clk 00:28:29]} {[%emt
00:04:01]} Be7 {[%clk 00:43:42]} {[%emt 00:00:28]} 18. Be3 {[%clk 00:24:59]}
{[%emt 00:03:39]} b6 {[%clk 00:43:25]} {[%emt 00:00:27]} 19. Bd4 {[%clk
00:24:06]} {[%emt 00:01:02]} Nb3 {[%clk 00:42:14]} {[%emt 00:01:22]} 20. Rb2
{[%clk 00:22:41]} {[%emt 00:01:35]} Nxd4 {[%clk 00:41:51]} {[%emt 00:00:32]} 21.
cxd4 {[%clk 00:22:39]} {[%emt 00:00:13]} Rh6 {[%clk 00:42:00]} {[%emt
00:00:01]} 22. Rc2 {[%clk 00:21:33]} {[%emt 00:01:16]} Bg5 {[%clk 00:41:08]}
{[%emt 00:01:02]} 23. g3 {[%clk 00:19:29]} {[%emt 00:02:14]} h4 {[%clk
00:40:40]} {[%emt 00:00:38]} 24. f4 {[%clk 00:17:45]} {[%emt 00:01:55]} Bd8
{[%clk 00:40:41]} {[%emt 00:00:08]} 25. Kg2 {[%clk 00:16:07]} {[%emt 00:01:48]}
hxg3 {[%clk 00:40:40]} {[%emt 00:00:12]} 26. hxg3 {[%clk 00:16:00]} {[%emt
00:00:16]} Reh8 {[%clk 00:40:44]} {[%emt 00:00:06]} 27. Kf3 {[%clk 00:15:22]}
{[%emt 00:00:48]} Rh1 {[%clk 00:40:03]} {[%emt 00:00:51]} 28. Rxh1 {[%clk
00:14:26]} {[%emt 00:01:06]} Rxh1 {[%clk 00:40:10]} {[%emt 00:00:04]} 29. Nc3
{[%clk 00:13:53]} {[%emt 00:00:42]} Kd7 {[%clk 00:39:32]} {[%emt 00:00:48]} 30.
Re2 {[%clk 00:11:45]} {[%emt 00:02:18]} Rc1 {[%clk 00:39:12]} {[%emt 00:00:27]}
31. Nd5 {[%clk 00:10:05]} {[%emt 00:01:54]} Ke6 {[%clk 00:38:43]} {[%emt
00:00:39]} 32. Nb4 {[%clk 00:09:53]} {[%emt 00:00:22]} Be7 {[%clk 00:37:46]}
{[%emt 00:01:06]} 33. d5+ {[%clk 00:08:29]} {[%emt 00:01:34]} Kd7 {[%clk
00:37:50]} {[%emt 00:00:06]} 34. Nc6 {[%clk 00:08:04]} {[%emt 00:00:35]} Rd1
{[%clk 00:37:27]} {[%emt 00:00:33]} 35. e6+ {[%clk 00:05:46]} {[%emt 00:02:28]}
Ke8 {[%clk 00:37:32]} {[%emt 00:00:05]} 36. Rh2 {[%clk 00:05:39]} {[%emt
00:00:17]} Rd3+ {[%clk 00:35:28]} {[%emt 00:02:14]} 37. Ke2 {[%clk 00:05:26]}
{[%emt 00:00:24]} Ra3 {[%clk 00:35:34]} {[%emt 00:00:03]} 38. Rh8+ {[%clk
00:05:31]} {[%emt 00:00:05]} Bf8 {[%clk 00:35:36]} {[%emt 00:00:08]} 39. e7
{[%clk 00:05:25]} {[%emt 00:00:16]} Ra2+ {[%clk 00:35:41]} {[%emt 00:00:05]} 40.
Kd1 {[%clk 00:05:26]} {[%emt 00:00:09]} Ra1+ {[%clk 00:35:38]} {[%emt
00:00:13]} 41. Kc2 {[%clk 00:05:31]} {[%emt 00:00:05]} Re1 {[%clk 00:35:38]}
{[%emt 00:00:10]} 42. Rxf8+ {[%clk 00:05:30]} {[%emt 00:00:11]} Kd7 {[%clk
00:35:40]} {[%emt 00:00:08]} 43. Rd8# {[%clk 00:05:26]} {[%emt 00:00:04]} 1-0

[Event "ABC 2025 Groep C"]
[Site "Utrecht"]
[Date "2025.03.16"]
[Round "7.6"]
[White "Bajnath, Dhanesh"]
[Black "Xu, Alex Z"]
[Result "0-1"]
[WhiteFideId "9005634"]
[BlackFideId "8883292"]
[WhiteElo "1792"]
[BlackElo "1920"]

1. e4 {[%clk 00:55:08]} {[%emt 00:00:11]} c5 {[%clk 00:55:17]} {[%emt
00:00:04]} 2. Nf3 {[%clk 00:55:17]} {[%emt 00:00:01]} Nc6 {[%clk 00:55:21]}
{[%emt 00:00:06]} 3. d4 {[%clk 00:55:26]} cxd4 {[%clk 00:55:30]} 4. Nxd4 {[%clk
00:55:36]} Nf6 {[%clk 00:55:39]} {[%emt 00:00:01]} 5. Nc3 {[%clk 00:55:42]}
{[%emt 00:00:04]} e5 {[%clk 00:55:34]} {[%emt 00:00:15]} 6. Nb3 {[%clk
00:55:03]} {[%emt 00:00:48]} Bb4 {[%clk 00:55:40]} {[%emt 00:00:05]} 7. f3
{[%clk 00:54:42]} {[%emt 00:00:31]} Bxc3+ {[%clk 00:55:43]} {[%emt 00:00:07]} 8.
bxc3 {[%clk 00:54:48]} {[%emt 00:00:04]} d6 {[%clk 00:55:41]} {[%emt 00:00:12]}
9. Be3 {[%clk 00:54:44]} {[%emt 00:00:13]} Be6 {[%clk 00:55:41]} {[%emt
00:00:10]} 10. Be2 {[%clk 00:52:52]} {[%emt 00:02:02]} O-O {[%clk 00:55:44]}
{[%emt 00:00:08]} 11. O-O {[%clk 00:52:39]} {[%emt 00:00:22]} Rc8 {[%clk
00:55:03]} {[%emt 00:00:51]} 12. Qd2 {[%clk 00:52:21]} {[%emt 00:00:27]} Qc7
{[%clk 00:53:39]} {[%emt 00:01:35]} 13. Rfd1 {[%clk 00:50:16]} {[%emt
00:02:15]} d5 {[%clk 00:52:01]} {[%emt 00:01:48]} 14. Bg5 {[%clk 00:48:45]}
{[%emt 00:01:40]} dxe4 {[%clk 00:51:27]} {[%emt 00:00:45]} 15. Bxf6 {[%clk
00:48:44]} {[%emt 00:00:11]} gxf6 {[%clk 00:50:56]} {[%emt 00:00:41]} 16. fxe4
{[%clk 00:48:33]} {[%emt 00:00:21]} Ne7 {[%clk 00:50:35]} {[%emt 00:00:31]} 17.
Qh6 {[%clk 00:40:34]} {[%emt 00:08:08]} Ng6 {[%clk 00:49:34]} {[%emt 00:01:12]}
18. Rd3 {[%clk 00:39:29]} {[%emt 00:01:16]} Bc4 {[%clk 00:49:06]} {[%emt
00:00:38]} 19. Rh3 {[%clk 00:38:49]} {[%emt 00:00:48]} Rfd8 {[%clk 00:45:58]}
{[%emt 00:03:19]} 20. Qxh7+ {[%clk 00:34:06]} {[%emt 00:04:53]} Kf8 {[%emt
00:05:11]} 21. Bg4 {[%clk 00:29:07]} Qb6+ {[%clk 00:44:01]} {[%emt 00:02:17]}
22. Kh1 {[%clk 00:28:27]} {[%emt 00:00:48]} Rc7 {[%clk 00:42:10]} {[%emt
00:02:02]} 23. Bf5 {[%clk 00:24:12]} {[%emt 00:04:25]} Nf4 {[%clk 00:38:19]}
{[%emt 00:04:01]} 24. Rh6 {[%clk 00:12:41]} {[%emt 00:11:41]} Rc6 {[%clk
00:32:01]} {[%emt 00:06:28]} 25. h4 {[%clk 00:06:29]} {[%emt 00:06:22]} Qf2
{[%clk 00:30:27]} {[%emt 00:01:43]} 26. Qh8+ {[%clk 00:05:37]} {[%emt
00:01:02]} Ke7 {[%clk 00:30:28]} {[%emt 00:00:09]} 27. Qg7 {[%clk 00:05:42]}
{[%emt 00:00:04]} Bf1 {[%clk 00:26:39]} {[%emt 00:04:00]} 28. Rxf1 {[%clk
00:00:29]} {[%emt 00:05:24]} Qxf1+ {[%clk 00:26:42]} {[%emt 00:00:06]} 29. Kh2
{[%clk 00:00:36]} {[%emt 00:00:04]} Rd1 {[%clk 00:26:20]} {[%emt 00:00:31]} 30.
Bh3 {[%clk 00:00:16]} {[%emt 00:00:31]} Qh1+ {[%clk 00:25:29]} {[%emt
00:01:01]} 31. Kg3 {[%clk 00:00:24]} {[%emt 00:00:02]} Nxh3 {[%clk 00:25:10]}
{[%emt 00:00:29]} 32. Rh7 {[%clk 00:00:24]} {[%emt 00:00:10]} Rxc3+ {[%clk
00:25:12]} {[%emt 00:00:07]} 33. Kg4 {[%clk 00:00:12]} {[%emt 00:00:23]} Qxg2+
{[%clk 00:25:15]} {[%emt 00:00:07]} 34. Kh5 {[%clk 00:00:18]} {[%emt 00:00:03]}
Nf4+ {[%clk 00:24:49]} {[%emt 00:00:36]} 35. Kh6 {[%clk 00:00:21]} {[%emt
00:00:07]} Qxg7+ {[%clk 00:24:26]} {[%emt 00:00:34]} 36. Kxg7 {[%clk 00:00:23]}
{[%emt 00:00:08]} Rg1 {[%clk 00:24:17]} {[%emt 00:00:19]} 37. Kh8 {[%clk
00:00:23]} {[%emt 00:00:10]} Rc8+ {[%clk 00:24:06]} {[%emt 00:00:09]} 0-1

[Event "ABC 2025 Groep C"]
[Site "Utrecht"]
[Date "2025.03.16"]
[Round "7.7"]
[White "Bloemberg, Jesper"]
[Black "Ma, Tim"]
[Result "1/2-1/2"]
[WhiteFideId "8902872"]
[BlackFideId "8933991"]
[WhiteElo "1750"]
[BlackElo "1821"]

1. c4 {[%clk 00:55:11]} {[%emt 00:00:08]} c5 {[%clk 00:54:57]} {[%emt
00:00:24]} 2. Nc3 {[%clk 00:55:00]} {[%emt 00:00:19]} Nc6 {[%clk 00:55:02]}
{[%emt 00:00:06]} 3. Nf3 {[%clk 00:54:59]} {[%emt 00:00:10]} g6 {[%clk
00:54:47]} {[%emt 00:00:26]} 4. e3 {[%clk 00:54:11]} {[%emt 00:00:57]} Bg7
{[%clk 00:54:29]} {[%emt 00:00:29]} 5. d4 {[%clk 00:54:08]} {[%emt 00:00:14]}
cxd4 {[%clk 00:54:07]} {[%emt 00:00:32]} 6. exd4 {[%clk 00:54:12]} {[%emt
00:00:05]} d6 {[%clk 00:54:05]} {[%emt 00:00:13]} 7. d5 {[%clk 00:53:37]}
{[%emt 00:00:45]} Ne5 {[%clk 00:54:04]} {[%emt 00:00:11]} 8. Nxe5 {[%clk
00:53:39]} {[%emt 00:00:08]} Bxe5 {[%clk 00:54:06]} {[%emt 00:00:08]} 9. Bd3
{[%clk 00:53:40]} {[%emt 00:00:08]} Bg7 {[%clk 00:53:52]} {[%emt 00:00:25]} 10.
O-O {[%clk 00:52:55]} {[%emt 00:00:54]} Nf6 {[%clk 00:53:49]} {[%emt 00:00:13]}
11. Bg5 {[%clk 00:51:54]} {[%emt 00:01:10]} O-O {[%clk 00:53:31]} {[%emt
00:00:29]} 12. Qd2 {[%clk 00:50:22]} {[%emt 00:01:42]} Bd7 {[%clk 00:52:57]}
{[%emt 00:00:44]} 13. Rfe1 {[%clk 00:47:30]} {[%emt 00:03:02]} Re8 {[%clk
00:50:57]} {[%emt 00:02:11]} 14. Bh6 {[%clk 00:46:19]} {[%emt 00:01:19]} Rc8
{[%clk 00:49:42]} {[%emt 00:01:26]} 15. Bxg7 {[%clk 00:46:22]} {[%emt
00:00:06]} Kxg7 {[%clk 00:49:45]} {[%emt 00:00:07]} 16. b4 {[%clk 00:45:51]}
{[%emt 00:00:42]} Ng4 {[%clk 00:48:29]} {[%emt 00:01:23]} 17. Rac1 {[%clk
00:37:46]} {[%emt 00:08:17]} Ne5 {[%clk 00:47:34]} {[%emt 00:01:06]} 18. Ne4
{[%clk 00:37:25]} {[%emt 00:00:30]} Bf5 {[%clk 00:44:33]} {[%emt 00:03:13]} 19.
Bf1 {[%clk 00:36:57]} {[%emt 00:00:37]} b6 {[%clk 00:39:03]} {[%emt 00:05:40]}
20. Ng3 {[%clk 00:35:10]} {[%emt 00:01:54]} e6 {[%clk 00:34:23]} {[%emt
00:04:53]} 21. Qd4 {[%clk 00:33:12]} {[%emt 00:02:07]} f6 {[%clk 00:33:02]}
{[%emt 00:01:32]} 22. Red1 {[%clk 00:28:23]} {[%emt 00:04:59]} Nf7 {[%clk
00:29:59]} {[%emt 00:03:12]} 23. dxe6 {[%clk 00:25:47]} {[%emt 00:02:45]} Rxe6
{[%clk 00:26:42]} {[%emt 00:03:30]} 24. Nxf5+ {[%clk 00:25:45]} {[%emt
00:00:12]} gxf5 {[%clk 00:26:31]} {[%emt 00:00:21]} 25. Bd3 {[%clk 00:24:18]}
{[%emt 00:01:36]} Nh6 {[%clk 00:22:55]} {[%emt 00:03:47]} 26. Bxf5 {[%clk
00:22:13]} {[%emt 00:02:14]} Nxf5 {[%clk 00:22:12]} {[%emt 00:00:54]} 27. Qg4+
{[%clk 00:22:14]} {[%emt 00:00:08]} Kh8 {[%clk 00:22:12]} {[%emt 00:00:11]} 28.
Qxf5 {[%clk 00:22:14]} {[%emt 00:00:09]} Qe7 {[%clk 00:22:11]} {[%emt
00:00:11]} 29. h3 {[%clk 00:20:22]} {[%emt 00:02:02]} Rg8 {[%clk 00:21:33]}
{[%emt 00:00:48]} 30. Qd3 {[%clk 00:19:15]} {[%emt 00:01:16]} Qg7 {[%clk
00:20:57]} {[%emt 00:00:48]} 31. g3 {[%clk 00:19:06]} {[%emt 00:00:17]} Qe7
{[%clk 00:19:06]} {[%emt 00:02:03]} 32. Rd2 {[%clk 00:14:42]} {[%emt 00:04:34]}
Rg5 {[%clk 00:17:49]} {[%emt 00:01:26]} 33. Rcc2 {[%clk 00:11:15]} {[%emt
00:03:36]} Rge5 {[%clk 00:17:11]} {[%emt 00:00:48]} 34. Kg2 {[%clk 00:10:03]}
{[%emt 00:01:23]} Kg8 {[%clk 00:14:48]} {[%emt 00:02:34]} 35. a4 {[%clk
00:06:44]} {[%emt 00:03:29]} Kh8 {[%clk 00:13:56]} {[%emt 00:01:01]} 36. Ra2
{[%clk 00:06:13]} {[%emt 00:00:41]} Qc7 {[%clk 00:13:22]} {[%emt 00:00:45]} 37.
Re2 {[%clk 00:04:49]} {[%emt 00:01:33]} Qc6+ {[%clk 00:11:21]} {[%emt
00:02:12]} 38. Qf3 {[%clk 00:04:11]} {[%emt 00:00:47]} Qxc4 {[%clk 00:09:53]}
{[%emt 00:01:39]} 39. Reb2 {[%clk 00:02:24]} {[%emt 00:01:56]} Re1 {[%clk
00:08:10]} {[%emt 00:01:53]} 40. Kh2 {[%emt 00:00:47]} Qf1 {[%emt 00:00:01]} 41.
Qg2 {[%clk 00:01:28]} Qc4 {[%clk 00:08:10]} 1/2-1/2

[Event "ABC 2025 Groep C"]
[Site "Utrecht"]
[Date "2025.03.16"]
[Round "7.8"]
[White "Kumar, Dhruv"]
[Black "Haque, Nivaan"]
[Result "1-0"]
[WhiteFideId "8824277"]
[BlackFideId "8936455"]
[WhiteElo "1768"]
[BlackElo "1749"]

1. e4 {[%clk 00:55:17]} {[%emt 00:00:03]} c6 {[%clk 00:55:17]} {[%emt
00:00:04]} 2. d4 {[%clk 00:55:20]} {[%emt 00:00:06]} d5 {[%clk 00:55:24]}
{[%emt 00:00:02]} 3. e5 {[%clk 00:55:23]} {[%emt 00:00:08]} Bf5 {[%clk
00:55:31]} {[%emt 00:00:03]} 4. c3 {[%clk 00:55:23]} {[%emt 00:00:10]} e6
{[%clk 00:55:36]} {[%emt 00:00:05]} 5. Nf3 {[%clk 00:55:26]} {[%emt 00:00:07]}
c5 {[%clk 00:55:35]} {[%emt 00:00:12]} 6. Bd3 {[%clk 00:55:19]} {[%emt
00:00:16]} Bxd3 {[%clk 00:54:52]} {[%emt 00:00:52]} 7. Qxd3 {[%clk 00:55:23]}
{[%emt 00:00:07]} Qb6 {[%clk 00:54:06]} {[%emt 00:00:56]} 8. Qe2 {[%clk
00:55:12]} {[%emt 00:00:21]} Nc6 {[%clk 00:54:02]} {[%emt 00:00:14]} 9. Be3
{[%clk 00:55:14]} {[%emt 00:00:08]} cxd4 {[%clk 00:52:42]} {[%emt 00:01:31]} 10.
cxd4 {[%clk 00:55:12]} {[%emt 00:00:10]} Bb4+ {[%clk 00:52:23]} {[%emt
00:00:30]} 11. Nc3 {[%clk 00:55:03]} {[%emt 00:00:20]} Nge7 {[%clk 00:52:20]}
{[%emt 00:00:12]} 12. a3 {[%clk 00:55:06]} {[%emt 00:00:07]} Bxc3+ {[%clk
00:51:59]} {[%emt 00:00:32]} 13. bxc3 {[%clk 00:55:09]} {[%emt 00:00:07]} Nf5
{[%clk 00:51:47]} {[%emt 00:00:21]} 14. O-O {[%clk 00:54:53]} {[%emt 00:00:25]}
O-O {[%clk 00:51:33]} {[%emt 00:00:25]} 15. Qd3 {[%clk 00:53:59]} {[%emt
00:01:04]} Rac8 {[%clk 00:50:49]} {[%emt 00:00:53]} 16. Ng5 {[%clk 00:53:11]}
{[%emt 00:00:59]} g6 {[%clk 00:45:44]} {[%emt 00:05:15]} 17. Bd2 {[%clk
00:52:02]} {[%emt 00:01:19]} Na5 {[%clk 00:44:41]} {[%emt 00:01:13]} 18. Qh3
{[%clk 00:51:17]} {[%emt 00:00:55]} h6 {[%clk 00:43:41]} {[%emt 00:01:10]} 19.
g4 {[%clk 00:50:05]} {[%emt 00:01:22]} hxg5 {[%clk 00:39:35]} {[%emt 00:04:15]}
20. gxf5 {[%clk 00:50:07]} {[%emt 00:00:09]} gxf5 {[%clk 00:38:33]} {[%emt
00:01:12]} 21. Bxg5 {[%clk 00:49:54]} {[%emt 00:00:22]} f6 {[%clk 00:38:29]}
{[%emt 00:00:15]} 22. Bxf6 {[%clk 00:48:16]} {[%emt 00:01:47]} Qc6 {[%clk
00:36:18]} {[%emt 00:02:22]} 23. Qh8+ {[%clk 00:48:16]} {[%emt 00:00:11]} Kf7
{[%clk 00:36:13]} {[%emt 00:00:15]} 24. Qh7+ {[%clk 00:48:23]} {[%emt
00:00:02]} Kg8 {[%clk 00:36:01]} {[%emt 00:00:13]} 25. Qh3 {[%emt 00:00:02]}
Qb6 {[%emt 00:00:07]} 26. Qh5 {[%emt 00:00:04]} Rc7 {[%emt 00:00:09]} 1-0